000 01109cam a2200349Ia 4500
001 98262
005 20230411085615.0
008 020803s2002 vtua f 001 0 eng d
010 _a 2002101775
035 _a(OCoLC)ocm50291467
040 _aDPB
_cDPB
_dBAKER
_dOCLCG
020 _a1570762325 (pbk.)
020 _a9781570762321 (pbk.)
035 _a(OCoLC)50291467
050 1 4 _aTR 267
_bJ74d 2002
082 0 0 _a778.3
049 _aGRAL
100 1 _aJoinson, Simon.
245 1 4 _aThe digital photography workbook /
_cSimon Joinson and Peter Cope.
260 _aNorth Pomfret, Vt. :
_bTrafalgar Square Pub.,
_cc2002.
300 _a208 p. :
_bill. (some col.) ;
_c26 cm.
500 _aIncluye índice..
650 0 _aPhotography
_xDigital techniques
_vHandbooks, manuals, etc.
650 4 _aFotografía
_xTécnicas digitales.
650 4 _aFotografía
_xTécnicas.
650 4 _aRetratos
_xTécnicas digitales.
700 1 _aCope, Peter,
_d1958-
938 _aBaker & Taylor
_bBKTY
_c24.95
_d18.71
_i1570762325
_n0003897591
_sactive
942 _2lcc
_cbk
994 _aC0
_bDRFGD
946 _anc
999 _c104587
_d104587